Loading...
| Current Events | 2 | 15.00 | 100% | 50% | 0% |
| Fine Arts - Auditory Fine Arts | 5 | 16.00 | 100% | 60% | 0% |
| Fine Arts - Other Fine Arts | 3 | 13.33 | 100% | 33% | 0% |
| Fine Arts - Visual Fine Arts | 3 | 3.33 | 33% | 0% | 0% |
| Geography | 2 | 10.00 | 50% | 50% | 0% |
| History - American History | 2 | 10.00 | 100% | 0% | 0% |
| History - European History | 5 | 12.00 | 100% | 20% | 0% |
| History - World History | 4 | 12.50 | 100% | 25% | 0% |
| Literature - American Literature | 5 | 10.00 | 100% | 0% | 0% |
| Literature - British Literature | 3 | 10.00 | 100% | 0% | 0% |
| Literature - European Literature | 4 | 12.50 | 100% | 25% | 0% |
| Literature - World Literature | 4 | 15.00 | 100% | 50% | 0% |
| Mythology | 5 | 20.00 | 100% | 60% | 40% |
| Other Academic | 1 | 0.00 | 0% | 0% | 0% |
| Philosophy | 5 | 10.00 | 80% | 20% | 0% |
| Pop Culture | 2 | 20.00 | 100% | 100% | 0% |
| Popular Culture | 1 | 10.00 | 100% | 0% | 0% |
| Science - Biology | 5 | 6.00 | 60% | 0% | 0% |
| Science - Chemistry | 3 | 6.67 | 67% | 0% | 0% |
| Science - Other Science | 2 | 10.00 | 100% | 0% | 0% |
| Science - Physics | 1 | 0.00 | 0% | 0% | 0% |
| Social Science | 4 | 17.50 | 100% | 50% | 25% |